Foreigners in Germany by Country of Birth - Statistics

General Stats
  • This quiz has been taken 1,557 times
  • The average score is 20 of 24
Answer Stats
Hint Answer % Correct
103,756 United Kingdom
98%
123,281 France
96%
674,152 Poland
96%
1,527,118 Turkey
96%
574,530 Italy
94%
221,413 Russia
94%
146,846 Spain
92%
108,845 United States
91%
179,772 Austria
89%
110,284 China
87%
328,564 Greece
84%
355,343 Romania
83%
144,741 Netherlands
82%
130,882 Portugal
82%
118,196 Syria
82%
127,942 Ukraine
82%
252,468 Serbia
81%
263,347 Croatia
77%
183,263 Bulgaria
76%
156,812 Hungary
73%
88,731 Iraq
71%
163,519 Bosnia and Herzegovina
69%
84,455 Vietnam
45%
184,662 Kosovo
44%
No matching quizzes found
Score Distribution
Percent of People with Each Score
Percentile by Number Answered
Your Score History
You have not taken this quiz